[Event "Titled Tuesday intern op 09th Jan Early"]
[Site "Chess.com INT"]
[Date "2024.01.09"]
[Round "8"]
[White "Xu, Yi"]
[Black "Aradhya, Garg"]
[Result "0-1"]
[WhiteElo "2511"]
[BlackElo "2390"]
[PlyCount "88"]
[EventDate "2024.01.09"]
[EventType "swiss (blitz)"]
[EventRounds "11"]
[EventCountry "USA"]
[SourceTitle "CB03_2024"]
[SourceDate "2024.01.17"]
[SourceVersion "1"]
[SourceVersionDate "2024.01.17"]
[SourceQuality "1"]

1. e4 e5 2. Nf3 Nc6 3. Bc4 Nf6 4. d3 Bc5 5. 0-0 0-0 6. h3 d6 7. c3 a6 8. a4 Ba7 9. Re1 b5 10. Bb3 b4 11. a5 Rb8 12. Nbd2 Ne7 13. Nf1 Ng6 14. Ng3 c6 15. d4 h6 16. Be3 bxc3 17. bxc3 exd4 18. cxd4 Re8 19. Bc2 c5 20. d5 Nd7 21. Nd2 Qc7 22. Qe2 Rb5 23. Nc4 Nge5 24. Nxe5 Rxe5 25. Ba4 Rxa5 26. Bd2 Rxa4 27. Rxa4 Nb6 28. Raa1 Nxd5 29. Qf3 Nf6 30. Bxh6 Bb7 31. Bd2 d5 32. Bf4 d4 33. Bxe5 Qxe5 34. Rab1 Bc6 35. Qd3 Bb5 36. Rxb5 axb5 37. Qxb5 Bb8 38. Rc1 Bd6 39. Qc6 g6 40. Qa8+ Kg7 41. Qc6 d3 42. Rd1 Qd4 43. Ne2 dxe2 44. Re1 Qd2 0-1

[Event "Titled Tuesday intern op 09th Jan Early"]
[Site "Chess.com INT"]
[Date "2024.01.09"]
[Round "11"]
[White "Xu, Yi"]
[Black "Berezin, Viktor1"]
[Result "1-0"]
[WhiteElo "2511"]
[BlackElo "2307"]
[PlyCount "97"]
[EventDate "2024.01.09"]
[EventType "swiss (blitz)"]
[EventRounds "11"]
[EventCountry "USA"]
[SourceTitle "CB03_2024"]
[SourceDate "2024.01.17"]
[SourceVersion "1"]
[SourceVersionDate "2024.01.17"]
[SourceQuality "1"]

1. e4 g6 2. d4 Bg7 3. Nc3 d6 4. Nf3 Nf6 5. Be2 0-0 6. 0-0 Bg4 7. h3 Bxf3 8. Bxf3 e5 9. dxe5 dxe5 10. Be3 Qe7 11. Nd5 Nxd5 12. Qxd5 c6 13. Bc5 cxd5 14. Bxe7 Re8 15. Ba3 d4 16. c3 Nc6 17. cxd4 exd4 18. Rfd1 Rac8 19. Rac1 Ne5 20. Be2 Nc6 21. Bd3 Ne5 22. Bf1 Nc6 23. Bd3 Ne5 24. Bb5 Rxc1 25. Rxc1 Nc6 26. Bxc6 Rc8 27. Kf1 bxc6 28. Ke2 f5 29. exf5 gxf5 30. Kd3 Kf7 31. Bc5 Ke6 32. Bxa7 Ra8 33. Rxc6+ Kd7 34. Ra6 Be5 35. Ra3 Rg8 36. Bxd4 Bxd4 37. Kxd4 Rxg2 38. Rf3 Ke6 39. a4 Rg1 40. a5 Rd1+ 41. Kc5 Rd5+ 42. Kb6 Ke5 43. a6 Rd2 44. b4 Ke4 45. Re3+ Kd4 46. a7 Ra2 47. Kb7 f4 48. Re7 Re2 49. Rxe2 1-0

[Event "Sunnyvale 1000 GM Winter 01"]
[Site "Sunnyvale"]
[Date "2024.01.03"]
[Round "3"]
[White "Nathan, Nitish"]
[Black "Xu, Yi"]
[Result "0-1"]
[WhiteElo "2190"]
[BlackElo "2511"]
[PlyCount "80"]
[EventDate "2024.01.02"]
[EventType "schev"]
[EventRounds "9"]
[EventCountry "USA"]
[SourceTitle "CB02_2024"]
[SourceDate "2024.01.10"]
[SourceVersion "1"]
[SourceVersionDate "2024.01.10"]
[SourceQuality "1"]

1. d4 e6 2. Bf4 c5 3. e3 Qb6 4. Nc3 Nf6 5. Rb1 a6 6. Nf3 d5 7. Be2 Bd7 8. dxc5 Bxc5 9. 0-0 0-0 10. h3 Be7 11. Bd3 Bc6 12. Ne5 Nbd7 13. Nxd7 Nxd7 14. Bh2 Nc5 15. Qe2 Rfd8 16. Rfd1 Bf6 17. Qg4 Nxd3 18. cxd3 d4 19. Ne4 Bxe4 20. Qxe4 Rac8 21. Rd2 Qa5 22. Rdd1 Rc6 23. a3 Qb6 24. Bg3 h6 25. b4 Rc3 26. a4 dxe3 27. fxe3 Bg5 28. Bf2 f5 29. Qe5 Rcxd3 30. Rxd3 Rxd3 31. a5 Qc6 32. b5 axb5 33. Qxb5 Qe4 34. Rb4 Rd1+ 35. Kh2 Qc2 36. Rb2 Qc7+ 37. Bg3 Qc1 38. Bf2 f4 39. exf4 Rh1+ 40. Kg3 Qxf4# 0-1

[Event "Sunnyvale 1000 GM Winter 12"]
[Site "Sunnyvale"]
[Date "2023.12.30"]
[Round "9"]
[White "Xu, Yi"]
[Black "Achuthan, Aryan"]
[Result "1-0"]
[WhiteElo "2500"]
[BlackElo "1947"]
[PlyCount "89"]
[EventDate "2023.12.26"]
[EventType "schev"]
[EventRounds "9"]
[EventCountry "USA"]
[SourceTitle "CB01_2024"]
[SourceDate "2024.01.03"]
[SourceVersion "1"]
[SourceVersionDate "2024.01.03"]
[SourceQuality "1"]

1. e4 e5 2. Nf3 Nc6 3. d4 exd4 4. Nxd4 Bc5 5. Nb3 Bb6 6. Nc3 Nf6 7. Qe2 0-0 8. Bg5 h6 9. Bh4 Nd4 10. Qd3 Nxb3 11. axb3 g5 12. Bg3 d6 13. 0-0-0 Be6 14. Be2 Ng4 15. Bxg4 Bxg4 16. f3 Be6 17. h4 g4 18. h5 f5 19. Bh4 Qe8 20. Nd5 Bxd5 21. Qxd5+ Qf7 22. Qxb7 fxe4 23. fxe4 Qf4+ 24. Kb1 Rae8 25. Qd5+ Kh7 26. Qb5 Re5 27. Qc6 Rf7 28. Qc4 Rxe4 29. Qd3 Qe3 30. Qd5 Ref4 31. Rhe1 Qc5 32. Qa8 Qxh5 33. Bg3 Rf8 34. Qc6 R4f7 35. Qc4 Qg5 36. Re6 Qf5 37. Bh4 Qc5 38. Qxg4 Qf5 39. Qe2 Qf4 40. Rh1 Rg8 41. Be1 Rf6 42. Re7+ Rg7 43. Rxg7+ Kxg7 44. Bc3 Bd4 45. g3 1-0

[Event "Sunnyvale 1000 GM Winter 12"]
[Site "Sunnyvale"]
[Date "2023.12.28"]
[Round "5"]
[White "Oberoi, Shelev"]
[Black "Xu, Yi"]
[Result "1/2-1/2"]
[WhiteElo "2205"]
[BlackElo "2500"]
[PlyCount "59"]
[EventDate "2023.12.26"]
[EventType "schev"]
[EventRounds "9"]
[EventCountry "USA"]
[SourceTitle "CB01_2024"]
[SourceDate "2024.01.03"]
[SourceVersion "1"]
[SourceVersionDate "2024.01.03"]
[SourceQuality "1"]

1. e4 c5 2. c3 Nf6 3. e5 Nd5 4. Nf3 d6 5. Bb5+ Bd7 6. Bc4 Nb6 7. Bb3 Bf5 8. e6 Bxe6 9. Bxe6 fxe6 10. d4 cxd4 11. cxd4 Nc6 12. Nc3 Qd7 13. Be3 g6 14. a4 Bg7 15. h4 Nd5 16. h5 0-0-0 17. a5 a6 18. h6 Bf6 19. Qb3 Kb8 20. 0-0 g5 21. Nxd5 exd5 22. Qxd5 g4 23. Nd2 Rhf8 24. Qe4 d5 25. Qd3 e5 26. Nb3 exd4 27. Nxd4 Nxd4 28. Bxd4 Bxd4 29. Qxd4 Qd6 30. Rae1 1/2-1/2

[Event "Sunnyvale 1000 GM Winter 12"]
[Site "Sunnyvale"]
[Date "2023.12.26"]
[Round "1"]
[White "Nathan, Nitish"]
[Black "Xu, Yi"]
[Result "0-1"]
[WhiteElo "2190"]
[BlackElo "2500"]
[PlyCount "82"]
[EventDate "2023.12.26"]
[EventType "schev"]
[EventRounds "9"]
[EventCountry "USA"]
[SourceTitle "CB01_2024"]
[SourceDate "2024.01.03"]
[SourceVersion "1"]
[SourceVersionDate "2024.01.03"]
[SourceQuality "1"]

1. d4 Nf6 2. Bf4 c5 3. d5 b5 4. Nf3 Qa5+ 5. Bd2 b4 6. c4 g6 7. Qc2 Bg7 8. e3 d6 9. Bd3 Bg4 10. Ng1 0-0 11. Ne2 Nfd7 12. f4 Nb6 13. 0-0 Qa4 14. Qc1 Qa6 15. Qc2 e6 16. e4 exd5 17. exd5 Qa4 18. Qc1 Qe8 19. Re1 Na4 20. Qc2 Bxb2 21. Nec3 Qd7 22. Nxa4 Bxa1 23. Nb2 Bf5 24. Bc1 Re8 25. Rd1 Bxd3 26. Qxd3 Qf5 27. Qxf5 gxf5 28. Nd2 Nd7 29. Nb3 Bxb2 30. Bxb2 Re2 31. Nd2 Rae8 32. Kf1 f6 33. Ba1 Kf7 34. Nf3 Rxa2 35. Nh4 Ree2 36. Nxf5 Rf2+ 37. Kg1 Rxg2+ 38. Kf1 Raf2+ 39. Ke1 Rg1+ 40. Kxf2 Rxd1 41. Nxd6+ Kf8 0-1